| 000 | 00494nam a2200181 a 4500 | ||
|---|---|---|---|
| 001 | 000007365 | ||
| 005 | 20200929154138.0 | ||
| 008 | 090908s2005 dr 001 0 spa d | ||
| 040 | _aDO-SdBNP | ||
| 082 |
_axxx _bG216a |
||
| 100 | 1 |
_aGarcía Dubus, Luis _920490 |
|
| 245 | 1 | 0 |
_aAnimo en dos minutos / _cLuis García Dubus. |
| 250 | _a5a ed. | ||
| 260 |
_aSanto Domingo, : _bEdiciones MSC, _c2005. |
||
| 300 |
_a174 p. ; _c22 cm. |
||
| 700 | 1 |
_aEscapa, Amancio _eprólogo _920491 |
|
| 049 | _aBNPD | ||
| 999 |
_c7146 _d7146 |
||